| 000 | 00974nas a2200301 4500 | ||
|---|---|---|---|
| 001 | BR2014001769 | ||
| 003 | BR-BrBNA | ||
| 005 | 20231205123814.0 | ||
| 007 | ta | ||
| 008 | 230509b bl.|||p| |||| 00| 00por d | ||
| 040 |
_aBR-BrBNA _bpor _cBiblioteca Nacional de Agricultura |
||
| 041 | _a(Pt) | ||
| 072 | _aF04 | ||
| 100 | 1 | _aGatiboni, L.C. | |
| 100 | 1 | _aKaminski, J. | |
| 100 | 1 | _aRheinheimer, D. dos S. | |
| 100 | 1 | _aFlores, J.P.C. | |
| 245 | 1 | _aBiodisponibilidade do formas de fósforo acumuladas em solo sob sistema plantio direto | |
| 650 | _aFÓSFORO | ||
| 650 | _aPLANTIO DIRETO | ||
| 650 | _aANÁLISE DO SOLO | ||
| 650 | _aFRACIONAMENTO | ||
| 650 | _aDISPONIBILIDADE DE NUTRIENTE | ||
| 773 | 0 |
_tRevista Brasileira de Ciência do Solo (Brazil) _xISSN 0100-0683 _g(Jul-Aug 2007), v. 31(4) p. 691-699 _wBR2014001769 |
|
| 856 | 4 | 0 | _uhttp://www.scielo.br/pdf/rbcs/v31n4/a10v31n4.pdf |
| 909 |
_a202311 _bLúcia _c55 _dLúcia Elande |
||
| 942 |
_2AGRIS _n0 _cANA |
||
| 999 |
_c235794 _d235794 |
||